000 00637nas a2200229 a 4500
001 000468970
003 AM-YeHGA
005 20250618072531.0
008 051220c19029999ua mrzp 0 0arm d
040 _aAM-YeHGA
041 0 _aarm
222 0 _aԱրտեմիս
245 0 0 _aԱրտեմիս :
_bԱմսահանդես ընտանեկան և գրական.
260 _aԿահիրե :
_bԱ.հ.,
_c1902-.
300 _aհամար.
310 _aԱմենամսյա
362 0 _a1902-
650 0 4 _aԱմսագիր
650 1 4 _aԳրականություն
_vՊարբերականներ
_98507
942 _2udc
_cCR
090 _c172713
999 _c171275
_d171275